[Event "Denmark Border op"]
[Site "Denmark"]
[Date "2020.10.09"]
[Round "2"]
[White "Langner, Michel"]
[Black "Soerensen, Helge"]
[Result "1-0"]
[WhiteElo "1797"]
[BlackElo "1659"]
[PlyCount "77"]
[EventDate "2020.10.08"]
[EventType "swiss"]
[EventRounds "7"]
[EventCountry "DEN"]
[SourceTitle "EXT 2024"]
[Source "ChessBase"]
[SourceDate "2023.10.10"]
[SourceVersion "1"]
[SourceVersionDate "2023.10.10"]
[SourceQuality "1"]

1. e4 c5 2. f4 Nc6 3. Nf3 g6 4. d4 cxd4 5. Nxd4 Bg7 6. Nxc6 bxc6 7. c3 d6 8. Bd3 Nf6 9. 0-0 0-0 10. h3 Qb6+ 11. Kh2 Nd7 12. Nd2 Nc5 13. Bc2 Ba6 14. Rf3 e5 15. f5 d5 16. exd5 cxd5 17. Nb3 e4 18. Re3 Rad8 19. Nd4 Be5+ 20. Kh1 Rd6 21. Re1 Bg3 22. b3 Bxe1 23. Qxe1 gxf5 24. Nxf5 Kh8 25. Nxd6 Qxd6 26. Ba3 Qc6 27. Qe3 Rc8 28. Qd4+ Kg8 29. Rd1 Nd3 30. Bxd3 Bxd3 31. Bb2 a6 32. c4 f6 33. cxd5 Qd6 34. Qxf6 Qxf6 35. Bxf6 Re8 36. d6 Bb5 37. d7 Bxd7 38. Rxd7 e3 39. Re7 1-0

[Event "Grenzturnering-A 8th"]
[Site "Tonder,Logumkloster,Leck"]
[Date "2018.03.19"]
[Round "7"]
[White "Soerensen, Helge"]
[Black "Langner, Michel"]
[Result "1-0"]
[WhiteElo "1689"]
[BlackElo "1895"]
[PlyCount "89"]
[EventDate "2017.09.26"]
[EventType "tourn"]
[EventRounds "9"]
[EventCountry "DEN"]
[SourceTitle "EXT 2021"]
[Source "ChessBase"]
[SourceDate "2020.10.23"]
[SourceVersion "1"]
[SourceVersionDate "2020.10.23"]
[SourceQuality "1"]

1. e4 c6 2. d4 d5 3. e5 Bf5 4. Nc3 e6 5. Nf3 Be7 6. h3 Nd7 7. Bf4 g5 8. Bh2 Qb6 9. Na4 Qb4+ 10. c3 Qa5 11. b4 Qc7 12. Bd3 Bg6 13. Qd2 Bxd3 14. Qxd3 b5 15. Nc5 a5 16. 0-0 Nxc5 17. bxc5 a4 18. Qd2 Qd8 19. Ne1 h5 20. Nd3 Nh6 21. Qe2 Nf5 22. g4 hxg4 23. hxg4 Nh6 24. f4 gxf4 25. Nxf4 Rg8 26. Kh1 Kd7 27. Rg1 Qa5 28. Qf3 Rg5 29. Nh5 Rh8 30. Nf6+ Kc8 31. Rg3 Qd8 32. Rag1 Qf8 33. Rh3 Kb7 34. Bf4 Rg6 35. Rg2 Bxf6 36. exf6 Rhg8 37. g5 Nf5 38. Rgh2 e5 39. dxe5 Qxc5 40. Rh7 Rxg5 41. Rxf7+ Ka6 42. Bxg5 Rxg5 43. Rf2 Qc4 44. Rh7 Nh4 45. Qe3 1-0